Dog Breeds That Have Won "Best in Show" - Statistics

General Stats
  • This quiz has been taken 66 times
    60 since last reset
  • The average score is 2 of 20
Answers on the Grid
Answers color-coded by a green-red scale on the quiz's grid according to % correct below.
Old English Sheepdog
Dachshund
Scottish Terrier
Boxer
Labrador Retriever
Siberian Husky
Shih Tzu
Bulldog
Golden Retriever
Chihuahua
Pomeranian
Newfoundland
Great Dane
Bloodhound
French Bulldog
Pug
Australian Shepherd
Bichon Frise
Doberman Pinscher
Rottweiler
Miniature Schnauzer
Shetland Sheepdog
Mastiff
Dalmation
Whippet
Pekingese
Beagle
Cavalier King Charles Spaniel
Sussex Spaniel
English Setter
Collie
Boston Terrier
Toy Poodle
Cocker Spaniel
Pointer
Welsh Corgi
 
Answer Stats
Answer % Correct
Old English Sheepdog
38%
Bloodhound
25%
Bulldog
25%
Whippet
25%
Boxer
13%
Cocker Spaniel
13%
Pomeranian
13%
Pug
13%
Scottish Terrier
13%
Siberian Husky
13%
Beagle
0%
Bichon Frise
0%
Collie
0%
Doberman Pinscher
0%
English Setter
0%
Newfoundland
0%
Pekingese
0%
Pointer
0%
Sussex Spaniel
0%
Toy Poodle
0%
No matching quizzes found
Score Distribution
Percent of People with Each Score
Percentile by Number Answered
Your Score History
You have not taken this quiz since the last reset